logo

Bir Sreshtho Munshi Abdur Rouf Library
Jhenaidah Cadet College

নৈর্বাচনিক স্বৈরতন্ত্র ও গণতন্ত্রের সংগ্রাম / (Record no. 9491)

MARC details
000 -LEADER
fixed length control field 00720nam a2200229 a 4500
001 - CONTROL NUMBER
JCCL Control Number 9491
003 - CONTROL NUMBER IDENTIFIER
JCCL marc code BD-JhCC
005 - DATE AND TIME OF LATEST TRANSACTION
control field 20180315124752.0
008 - FIXED-LENGTH DATA ELEMENTS--GENERAL INFORMATION
fixed length control field 180315s2012 bg a|||| |||a 000 0 ben d
035 ## - SYSTEM CONTROL NUMBER
system control number (BD-JhCC)9491
040 ## - CATALOGING SOURCE
Original cataloging agency BD-JhCC
Modifying agency BD-JhCC
041 ## - LANGUAGE CODE
Language code of Book ben
082 ## - DEWEY DECIMAL CLASSIFICATION NUMBER
Classification number 323
Author mark and Year KAB 2012
100 ## - MAIN ENTRY--PERSONAL NAME
Personal name কবীর, নূরুল
245 ## - TITLE STATEMENT
Title নৈর্বাচনিক স্বৈরতন্ত্র ও গণতন্ত্রের সংগ্রাম /
Statement of responsibility, etc নূরুল কবীর,
260 ## - PUBLICATION, DISTRIBUTION, ETC. (IMPRINT)
Place of publication, distribution, etc ঢাকা :
Name of publisher, distributor, etc পাঠক সমাবেশ,
Date of publication, distribution, etc 2012
300 ## - PHYSICAL DESCRIPTION
Pagination 356 p. :
Dimensions 23 cm.
650 ## - SUBJECT ADDED ENTRY--TOPICAL TERM
Topical term or geographic name as entry element Democracy
650 ## - SUBJECT ADDED ENTRY--TOPICAL TERM
Topical term or geographic name as entry element Politics and Government
942 ## - ADDED ENTRY ELEMENTS (KOHA)
Source of classification or shelving scheme Dewey Decimal Classification
Koha item type Books
Holdings
Source of classification or shelving scheme Damaged status Not for loan Home library Current library Shelving location Total Checkouts Full call number Barcode Date last seen Copy number Koha item type
Dewey Decimal Classification     JCC Rouf Library JCC Rouf Library General Stacks   323 KAB 2012 12037 03/15/2018 C - 1 Books

JCC Library | Contacts | JCC Home

Last Update on 23 September 2017
Copyright @ 2017-2020 JCC Rouf Library
Rouf Library, Jhenidah Cadet College (JCC), Bangladesh